Anatomy and physiology (Record no. 30736)
[ view plain ]
| 000 -LEADER | |
|---|---|
| fixed length control field | 00627nam a2200157 a 4500 |
| 008 - FIXED-LENGTH DATA ELEMENTS--GENERAL INFORMATION | |
| fixed length control field | 150825s1989 ||||||||||||||||| || u |
| 020 ## - INTERNATIONAL STANDARD BOOK NUMBER | |
| International Standard Book Number | 9780801642777 |
| 050 ## - LIBRARY OF CONGRESS CALL NUMBER | |
| Classification number | QP 34.5 See |
| 100 ## - MAIN ENTRY--PERSONAL NAME | |
| Personal name | Seeley, Rod R |
| 245 10 - TITLE STATEMENT | |
| Title | Anatomy and physiology |
| Statement of responsibility, etc. | by Rod R. Seeley, Trent D. Stephens and Philip Tate D.A |
| 260 ## - PUBLICATION, DISTRIBUTION, ETC. | |
| Place of publication, distribution, etc. | St. Louis |
| Name of publisher, distributor, etc. | Times Mirror/Mosby College Pub |
| Date of publication, distribution, etc. | 1989 |
| 300 ## - PHYSICAL DESCRIPTION | |
| Extent | xxiii, 910p. :ill. |
| 350 ## - | |
| -- | 40.24 |
| 650 ## - SUBJECT ADDED ENTRY--TOPICAL TERM | |
| Topical term or geographic name entry element | PHYSIOLOGY |
| 995 ## - | |
| -- | MEDICAL LIBRARY OPEN ACCESS |
| -- | 903106 |
| -- | CBU-SCHOOL OF MEDICINE LIBRARY (Ndola) |
| -- | 40.24 |
| -- | QP 34.5 See |
| -- | 1 |
| -- | AVAILABLE |
| -- | Sep 4, 2015 |
| -- | 903106 |
| -- | Medical Library Open Access Collection |
| 999 ## - | |
| -- | 30736 |
| -- | 30736 |
| Withdrawn status | Lost status | Source of classification or shelving scheme | Damaged status | Not for loan | Permanent Location | Current Location | Shelving location | Date acquired | Total Checkouts | Full call number | Barcode | Date last seen | Price effective from | Koha item type |
|---|---|---|---|---|---|---|---|---|---|---|---|---|---|---|
| CBU-SCHOOL OF MEDICINE LIBRARY, NDOLA. | CBU-SCHOOL OF MEDICINE LIBRARY, NDOLA. | 11/30/2022 | QP 34.5 See | 903106 | 11/30/2022 | 11/30/2022 | MONOGRAPH |